| Поле | Инд. | ПП | Название | Значение |
|---|---|---|---|---|
| Тип записи | a | |||
| Библиографический уровень | b | |||
| 001 | Контрольный номер | 5708833d2f57424b87cf68466980bd55 | ||
| 005 | Дата корректировки | 20220517160017.9 | ||
| 024 | 80 | a | Стандартный номер | DOI: 10.3367/UFNe.0186.201603e.0293 |
| 040 | a | Служба первич. каталог. | РИНЦ | |
| b | Код языка каталог. | rus | ||
| 041 | 0_ | a | Код языка текста | Английский |
| 097 | a | Ануфриева Г.Ю. | ||
| 100 | 1_ | a | Автор | Aksenov V. L. |
| 100 | 1_ | a | Автор | Balagurov A. M. |
| c | Титул (звания) | профессор; доктор физико-математических наук | ||
| g | Прочие сведения | РИНЦ AuthorID: 307 (http://elibrary.ru/author_profile.asp?id= 307); SPIN-код: 9097-4000 (http://elibrary.ru/author_items.asp?authorid=307); Scopus Author ID: 7006758479 (https://www.scopus.com/authid/detail.uri?origin=resultslist&authorId=7006758479&zone=) | ||
| i | 100093204 | |||
| k | Кафедра нанотехнологий и новых материалов; Факультет естественных и инженерных наук | |||
| q | Полное имя | Балагуров Анатолий Михайлович | ||
| u | Дополнение | Балагуров А. М.; Balagurov Anatoly M. | ||
| 245 | 10 | a | Заглавие | Neutron diffraction on pulsed sources |
| 773 | 18 | t | Название источника | Physics-Uspekhi |
| b | Сведения об издании | Turpion Limited | ||
| c | United Kingdom | |||
| d | Место и дата издания | 2016 | ||
| m | Специф. данные | входит в Scopus; входит в WoS; входит в ядро РИНЦ; ненулевой импакт-фактор | ||
| p | Phys. Usp. | |||
| n | Примечание | Успехи физических наук | ||
| x | ISSN | 1063-7869 | ||
| g | Прочая информация | V. 59. - № 3. - P. 279 - 303 | ||
| w | Контрольный № источника | 271c1318afe54c3bba74688ba6b251f5 | ||
| 856 | 40 | u | URL | https://elibrary.ru/item.asp?id=27140991 |
| 901 | t | Тип документа | b | |
| 952 | c | Вид литературы | статья в журнале |